Les vainqueurs de la Ligue des Champions - Statistiques

Statistiques générales
  • Ce quiz a été pris 548 fois
  • Le résultat moyen est 57 sur 68
Statistiques - réponses
Année Club % Correct
2022 Real Madrid
100%
2018 Real Madrid
100%
2017 Real Madrid
100%
2016 Real Madrid
100%
2014 Real Madrid
100%
2002 Real Madrid
100%
2000 Real Madrid
100%
1998 Real Madrid
100%
1966 Real Madrid
100%
1960 Real Madrid
100%
1959 Real Madrid
100%
1958 Real Madrid
100%
1957 Real Madrid
100%
1956 Real Madrid
100%
2023 Manchester CIty
98%
2015 FC Barcelone
97%
2011 FC Barcelone
97%
2009 FC Barcelone
97%
2020 Bayern Munich
95%
2013 Bayern Munich
95%
2001 Bayern Munich
95%
1976 Bayern Munich
95%
1975 Bayern Munich
95%
1974 Bayern Munich
95%
2021 Chelsea
94%
2012 Chelsea
94%
2019 Liverpool
94%
2005 Liverpool
94%
1984 Liverpool
94%
1981 Liverpool
94%
1978 Liverpool
94%
1977 Liverpool
94%
2008 Manchester United
93%
1999 Manchester United
93%
1968 Manchester United
93%
2007 AC Milan
92%
2003 AC Milan
92%
1994 AC Milan
92%
1990 AC Milan
92%
1989 AC Milan
92%
1969 AC Milan
92%
1963 AC Milan
92%
1993 Olympique de Marseille
92%
2010 Inter Milan
90%
1965 Inter Milan
90%
1964 Inter Milan
90%
1996 Juventus
81%
1985 Juventus
81%
1995 Ajax Amsterdam
76%
1973 Ajax Amsterdam
76%
1972 Ajax Amsterdam
76%
1963 Ajax Amsterdam
76%
1997 Borussia Dortmund
75%
2004 FC Porto
73%
1987 FC Porto
73%
1962 Benfica
63%
1961 Benfica
63%
1980 Nottingham Forest
63%
1979 Nottingham Forest
63%
1988 PSV Eindhoven
50%
1991 Étoile Rouge de Belgrade
48%
2006 FC Barcelone
44%
1992 FC Barcelone
44%
1982 Aston Villa
43%
1967 Celtic Glasgow
43%
1970 Feyenoord
36%
1983 Hambourg SV
35%
1986 Steaua Bucarest
33%
Aucun quiz correspondant
Distribution des résultats
% des personnes avec chaque résultat
Percentile par nombre de réponses
Votre historique - résultats
Vous n’avez pas pris ce quiz